Chemical engineering kinetics (Record no. 6589)

000 -LEADER
fixed length control field 00510nam a2200193 4500
001 - CONTROL NUMBER
control field 6589
003 - CONTROL NUMBER IDENTIFIER
control field BD-DhUET
008 - FIXED-LENGTH DATA ELEMENTS--GENERAL INFORMATION
fixed length control field 700825s1970 nyua b 001 0 eng
040 ## - CATALOGING SOURCE
Transcribing agency 0
Modifying agency BD-DhUET
Original cataloging agency DLC
082 00 - DEWEY DECIMAL CLASSIFICATION NUMBER
Classification number 541.39
Item number SMI/1970
100 ## - MAIN ENTRY--PERSONAL NAME
Personal name Smith, J. M.
245 10 - TITLE STATEMENT
Title Chemical engineering kinetics
250 ## - EDITION STATEMENT
Edition statement 2nd ed.
260 ## - PUBLICATION, DISTRIBUTION, ETC. (IMPRINT)
Place of publication, distribution, etc. New York
Name of publisher, distributor, etc. McGraw-Hill
Date of publication, distribution, etc. 1970
300 ## - PHYSICAL DESCRIPTION
Extent xviii, 612p.
Other physical details ill.
490 0# - SERIES STATEMENT
Series statement McGraw-Hill chemical engineering series
650 #0 - SUBJECT ADDED ENTRY--TOPICAL TERM
Topical term or geographic name as entry element Kinetics : Physical chemistry
942 ## - ADDED ENTRY ELEMENTS (KOHA)
Koha item type General Book
Holdings
Lost status Koha normalized classification for sorting Damaged status Piece designation (barcode) Shelving location Source of classification or shelving scheme Koha full call number Date acquired Not for loan Copy number Koha item type Withdrawn status Price effective from Koha date last seen Sublocation or collection (holding branch) Location (home branch)
 541_390000000000000_SMI_1970 84576Circulation section 541.39/SMI/19702014-12-04 1General Book 2014-12-042014-12-04Central Library, BUETCentral Library, BUET
 541_390000000000000_SMI_1970 29865Circulation section 541.39/SMI/19702014-12-12 2General Book 2014-12-122014-12-12Central Library, BUETCentral Library, BUET
 541_390000000000000_SMI_1970 29867Circulation section 541.39/SMI/19702014-12-12 3General Book 2014-12-122014-12-12Central Library, BUETCentral Library, BUET
 541_390000000000000_SMI_1970 29863Circulation section 541.39/SMI/19702014-12-12 4General Book 2014-12-122014-12-12Central Library, BUETCentral Library, BUET
 541_390000000000000_SMI_1970 29871Circulation section 541.39/SMI/19702015-03-11 5General Book 2015-03-112015-03-11Central Library, BUETCentral Library, BUET
 541_390000000000000_SMI_1970 29868Circulation section 541.39/SMI/19702015-03-14 6General Book 2015-03-142015-03-14Central Library, BUETCentral Library, BUET
 541_390000000000000_SMI_1970 37045Circulation section 541.39/SMI/19702015-03-14 7General Book 2015-03-142015-03-14Central Library, BUETCentral Library, BUET
 541_390000000000000_SMI_1970 29869Circulation section 541.39/SMI/19702015-04-23 8General Book 2015-04-232015-04-23Central Library, BUETCentral Library, BUET
 541_390000000000000_SMI_1970 29859Circulation section 541.39/SMI/19702015-04-23 9General Book 2015-04-232015-04-23Central Library, BUETCentral Library, BUET
 541_390000000000000_SMI_1970 29870Circulation section 541.39/SMI/19702015-04-26 10General Book 2015-04-262015-04-26Central Library, BUETCentral Library, BUET
 541_390000000000000_SMI_1970 29861Circulation section 541.39/SMI/19702015-04-26 11General Book 2015-04-262015-04-26Central Library, BUETCentral Library, BUET
 541_390000000000000_SMI_1970 25967Circulation section 541.39/SMI/19702015-04-27 12General Book 2015-04-272015-04-27Central Library, BUETCentral Library, BUET
 541_390000000000000_SMI_1970 29860Circulation section 541.39/SMI/19702015-04-27 13General Book 2015-04-272015-04-27Central Library, BUETCentral Library, BUET
 541_390000000000000_SMI_1970 29862Reading section 541.39/SMI/19702015-06-08 14Reading Item 2015-06-082015-06-08Central Library, BUETCentral Library, BUET
 541_390000000000000_SMI_1970 29866Reading section 541.39/SMI/19702015-06-08 15Reading Item 2015-06-082015-06-08Central Library, BUETCentral Library, BUET
 541_390000000000000_SMI_1970 29872Reading section 541.39/SMI/19702015-06-08 16Reading Item 2015-06-082015-06-08Central Library, BUETCentral Library, BUET
 541_390000000000000_SMI_1970 29864Reading section 541.39/SMI/19702015-06-08 17Reading Item 2015-06-082015-06-08Central Library, BUETCentral Library, BUET